10 największych miast w Finlandii - Statystyki

Ogólne statystyki
  • Ten quiz został rozwiązany 43 razy
  • Średni wynik to 6 z 10
Statystyki odpowiedzi
Ludność Miasto % Poprawnych
658 864 Helsinki
100%
195 301 Turku
84%
209 648 Oulu
71%
120 093 Lahti
68%
244 315 Tampere
68%
121 557 Kuopio
55%
297 354 Espoo
50%
144 477 Jyvaskyla
29%
83 491 Pori
29%
239 216 Vantaa
18%
Nie znaleziono quizów pasujących do podanych kryteriów
Rozkład punktacji
Procent ludzi z każdym wynikiem
Percentyl według liczby udzielonych odpowiedzi
Twoja historia wyników
Nie rozwiązałeś tego quizu